| 000 | 00687nam a22002177a 4500 | ||
|---|---|---|---|
| 003 | UA-OsUOA | ||
| 001 | 69089 | ||
| 007 | ta | ||
| 008 | 20100607b un ||||| |||| 00| 0 ukr d | ||
| 100 | _aТютюнник Є. | ||
| 090 |
_a94(477) _bТ98 |
||
| 942 | _cSA | ||
| 040 |
_aUA-OsUOA _bukr _cUA-OsUOA _dUA-OsUOA |
||
| 245 | _aКнязь Ігор воював за сіль? 825 років тому відбувся невдалий похід новгород-сіверського князя на половців | ||
| 300 | _aС.17 | ||
| 955 | _a0 | ||
| 041 | _aukr | ||
| 080 | _a94(477) | ||
| 773 | 0 | _w69087 | |
| 650 | 7 |
_a9 Географія. Біографії. Історія _2UDC |
|
| 999 |
_c355341 _d355341 |
||